American colonial careerist;
שמור ב:
| מחבר ראשי: | |
|---|---|
| פורמט: | ספר |
| שפה: | Undetermined |
| יצא לאור: |
Boston
Christopher Pub. House
1957
|
| נושאים: | |
| תגים: |
הוספת תג
אין תגיות, היה/י הראשונ/ה לתייג את הרשומה!
|
| Thư viện lưu trữ: | Trung tâm Học liệu Trường Đại học Cần Thơ |
|---|
| LEADER | 00573nam a2200205Ia 4500 | ||
|---|---|---|---|
| 001 | CTU_90511 | ||
| 008 | 210402s9999 xx 000 0 und d | ||
| 082 | |a 320.9599 | ||
| 082 | |b M243 | ||
| 100 | |a George A. Malcolm | ||
| 245 | 0 | |a American colonial careerist; | |
| 245 | 0 | |c George A. Malcolm | |
| 260 | |a Boston | ||
| 260 | |b Christopher Pub. House | ||
| 260 | |c 1957 | ||
| 650 | |a philippines,puerto rico | ||
| 650 | |x politics and government,politics and government | ||
| 650 | |y 1898 | ||
| 904 | |i Năm | ||
| 980 | |a Trung tâm Học liệu Trường Đại học Cần Thơ | ||